NBA ROTY QUIZ (1999-2019) - Statistics

General Stats
  • This quiz has been taken 222 times
  • The average score is 9 of 22
Answer Stats
ROTY Answer % Correct
2004 Lebron James
91%
2009 Derrick Rose
74%
2019 Luka Doncic
71%
2018 Ben Simmons
66%
2008 Kevin Durant
62%
2012 Kyrie Irving
49%
2016 Karl-Anthony Towns
48%
2006 Chris Paul
42%
2011 Blake Griffin
41%
2013 Damian Lillard
40%
2014 Michael Carter-Williams
40%
2015 Andrew Wiggins
35%
2017 Malcolm Brogdon
34%
1999 Vince Carter
32%
2010 Tyreke Evans
23%
2002 Pau Gasol
20%
2007 Brandon Roy
19%
2000 Elton Brand
16%
2005 Emeka Okafor
16%
2001 Mike Miller
16%
2003 Amar'e Stoudemire
15%
2000 Steve Francis
11%
No matching quizzes found
Score Distribution
Percent of People with Each Score
Percentile by Number Answered
Your Score History
You have not taken this quiz